Reinach et la visée (das meinen) : décliner l'intentionalité (notice n° 1648566)

détails MARC
000 -LEADER
fixed length control field 01596cam a2200169 4500500
005 - DATE AND TIME OF LATEST TRANSACTION
control field 20260208003713.0
041 ## - LANGUAGE CODE
Language code of text/sound track or separate title fre
042 ## - AUTHENTICATION CODE
Authentication code dc
100 10 - MAIN ENTRY--PERSONAL NAME
Personal name Benoist, Jocelyn
Relator term author
245 00 - TITLE STATEMENT
Title Reinach et la visée (das meinen) : décliner l'intentionalité
260 ## - PUBLICATION, DISTRIBUTION, ETC.
Date of publication, distribution, etc. 2005.<br/>
500 ## - GENERAL NOTE
General note 81
520 ## - SUMMARY, ETC.
Summary, etc. L’auteur esquisse une présentation de la théorie reinachienne des diverses modalités de l’intentionalité. Il se concentre sur celle que Reinach nomme « meinen ». Il montre comment celle-ci dérive de la phénoménologie husserlienne du signifier (bedeuten), mais aussi comment les deux concepts divergent. Il insiste sur l’originalité du concept reinachien de « penser » (denken), qui est élaboré précisément dans le contexte de la phénoménologie du meinen et qui porte la théorie phénoménologique de l’intentionalité à ses propres limites.
520 ## - SUMMARY, ETC.
Summary, etc. The author gives a sketch of Reinach’s theory of the various modalities of intentionality. He focuses on the one that Reinach calls « meaning » (Meinen). He shows how it stems from the Husserlian phenomenology of Bedeuten, but also how far both diverge. He stresses the originality of Reinach’s concept of « thinking » (Denken), which is devised in the context of the phenomenology of Meinen and which takes the phenomenological theory of intentionality to its own limitations.
786 0# - DATA SOURCE ENTRY
Note Les Études philosophiques | 72 | 1 | 2005-03-01 | p. 19-37 | 0014-2166
856 41 - ELECTRONIC LOCATION AND ACCESS
Uniform Resource Identifier <a href="https://shs.cairn.info/revue-les-etudes-philosophiques-2005-1-page-19?lang=fr&redirect-ssocas=7080">https://shs.cairn.info/revue-les-etudes-philosophiques-2005-1-page-19?lang=fr&redirect-ssocas=7080</a>

Pas d'exemplaire disponible.

PLUDOC

PLUDOC est la plateforme unique et centralisée de gestion des bibliothèques physiques et numériques de Guinée administré par le CEDUST. Elle est la plus grande base de données de ressources documentaires pour les Étudiants, Enseignants chercheurs et Chercheurs de Guinée.

Adresse

627 919 101/664 919 101

25 boulevard du commerce
Kaloum, Conakry, Guinée

Réseaux sociaux

Powered by Netsen Group @ 2025